|
|
|
|
| LEADER |
00800ncm a22002292a 4500 |
| 001 |
001241069 |
| 003 |
CZ BrMZK |
| 005 |
20120821101506.0 |
| 007 |
qu |
| 008 |
120821s1961 ru |||||||||||||||||rus d |
| 040 |
|
|
|a BOA001
|b cze
|
| 072 |
|
7 |
|a 784
|x Vokální hudba
|2 Konspekt
|9 9
|
| 100 |
1 |
|
|a Glinka, Michail Ivanovič,
|d 1804-1857
|7 jn19990210242
|4 cmp
|
| 245 |
1 |
0 |
|a Venecianskaja noč'
|h [hudebnina] :
|b fantazija dlja vysokogo golosa s soprovož. fortep'jano /
|c Michail Ivanovič Glinka
|
| 260 |
|
|
|a Moskva :
|b Muzgiz,
|c 1961
|
| 300 |
|
|
|a 5 s.
|
| 490 |
1 |
|
|a Koncertnyj repertuar vokalista
|
| 830 |
|
0 |
|a Koncertnyj repertuar vokalista
|
| 910 |
|
|
|a BOA001
|b Mus4-0466.627
|
| 990 |
|
|
|a MU
|
| 991 |
|
|
|b 201208
|
| 996 |
6 |
|
|b 2619075243
|c Mus4-0466.627
|l MZK
|r Sklad / do 1 hodiny
|n 0
|w 001275070
|u 000010
|a 1
|e BOA001
|j MZK50
|s P
|